[Event "AUTO-INT-572"]
[Site "http://www.queenalice.com/game.php?id=411914"]
[Date "2008.6.2"]
[Round "3"]
[White "victor_diniz"]
[Black "arniecoruja"]
[Result "0-1"]
[WhiteElo "1696"]
[BlackElo "1755"]

1. Nf3 d6 2. d4 h6 3. c4 e6 4. Nc3 c6 5. Qa4 Bd7 6. e3 Nf6 7. Bd3 c5 8. Qb3 cxd4
9. Qxb7 Bc6 10. Qb3 dxc3 11. Qxc3 Bxf3 12. gxf3 Nbd7 13. Bd2 d5 14. Rc1 a5 15.
e4 Bb4 16. Qc2 d4 17. Bxb4 axb4 18. b3 Ne5 19. Ke2 Nxd3 20. Qxd3 Rxa2+ 21. Rc2
Rxc2+ 22. Qxc2 Nd7 23. Qd2 e5 24. Rg1 g6 25. f4 Qb6 26. fxe5 Nxe5 27. f4 d3+ 28.
Kf1 Qxg1+ 0-1

[Event "SAP SL Chess II"]
[Site "http://www.queenalice.com/game.php?id=465774"]
[Date "2008.9.20"]
[Round "1"]
[White "fernandobecker"]
[Black "victor_diniz"]
[Result "0-1"]
[WhiteElo "1449"]
[BlackElo "1727"]

1. e4 Nf6 2. e5 Nd5 3. Bc4 Nb6 4. Bb3 Nc6 5. Qh5 g6 6. Qg5 Bg7 7. Qf4 e6 8. Nf3
d5 9. Ng5 Nxe5 10. Ba4+ Nxa4 11. Qxa4+ Bd7 12. Qf4 Qe7 13. Nf3 Nxf3+ 14. gxf3
Qc5 15. c3 d4 16. b4 Qe5+ 17. Qxe5 Bxe5 18. Na3 dxc3 19. Nc4 cxd2+ 20. Bxd2 Bxa1
21. O-O Bg7 22. Bf4 O-O-O 23. Rc1 Bc6 24. b5 e5 25. Bxe5 Bxe5 26. bxc6 Bf4 27.
cxb7+ Kxb7 28. Rb1+ Ka8 29. h3 Rb8 30. Rb3 Rxb3 31. axb3 Rb8 32. Na5 Rb5 33. b4
Rxb4 34. Nc6 Rb6 35. Nd8 c5 36. Nxf7 c4 0-1

[Event "SAP SL Chess II"]
[Site "http://www.queenalice.com/game.php?id=485587"]
[Date "2008.10.31"]
[Round "2"]
[White "victor_diniz"]
[Black "tviaro"]
[Result "1-0"]
[WhiteElo "1732"]
[BlackElo "1693"]

1. d4 d5 2. c4 Bf5 3. cxd5 Bxb1 4. Rxb1 Qxd5 5. e3 Qxa2 6. Bd2 Nc6 7. Qc1 O-O-O
8. Bc4 Qa4 9. Ra1 Qxa1 10. Qxa1 e6 11. b4 Kb8 12. b5 Nce7 13. Nf3 Nc8 14. Ne5
Nh6 15. O-O Bd6 16. Nc6+ bxc6 17. bxc6 Ne7 18. Rb1+ Ka8 19. Qa4 Rb8 20. Rb7 Rxb7
21. cxb7+ Kxb7 22. Ba6+ Ka8 23. Bb4 Nhf5 24. Bxd6 Nxd6 25. Qd7 Nd5 26. e4 Nb4
27. Bf1 Rc8 28. e5 Nf5 29. Qxc8# 1-0

[Event "SAP SL Chess II"]
[Site "http://www.queenalice.com/game.php?id=495209"]
[Date "2008.11.19"]
[Round "3"]
[White "oscardias"]
[Black "victor_diniz"]
[Result "0-1"]
[WhiteElo "1611"]
[BlackElo "1713"]

1. e4 Nf6 2. e5 Nd5 3. d4 c5 4. c3 e6 5. Nf3 Nc6 6. Bd3 h6 7. Na3 cxd4 8. cxd4
Qa5+ 9. Bd2 Ndb4 10. O-O Qb6 11. Be3 Nxd3 12. Qxd3 Nb4 13. Qd2 Qa6 14. Ne1 Nd5
15. Nac2 Nxe3 16. Nxe3 b6 17. d5 Bb7 18. dxe6 dxe6 19. Rd1 Bc6 20. N1c2 Be7 21.
Nb4 Qb5 22. Nxc6 Qxc6 23. Rc1 Bc5 24. b4 Bxe3 25. Qxe3 Qa4 26. a3 Rd8 27. Qc3
O-O 28. h4 Rd5 29. g4 a5 30. f4 Rfd8 31. g5 Rd3 32. Qc2 Qxa3 33. bxa5 Rg3+ 34.
Kh1 Rdd3 35. Qc8+ Kh7 36. Qc2 g6 37. Qh2 Rh3 38. Rc2 Rxh2+ 39. Rxh2 Qxa5 40. Kg1
b5 41. Rc2 b4 42. Rfc1 Rc3 43. Kh2 Rxc2+ 44. Rxc2 b3 45. Rb2 Qc3 46. Rxb3 Qxb3
47. gxh6 Qe3 48. Kg2 Qxf4 0-1

[Event "Lucas vs Victor"]
[Site "http://www.queenalice.com/game.php?id=565432"]
[Date "2009.4.2"]
[Round "-"]
[White "XtremeLM"]
[Black "victor_diniz"]
[Result "1/2-1/2"]
[WhiteElo "1970"]
[BlackElo "1685"]

1. c4 e5 2. Nc3 Nf6 3. e4 Bc5 4. h3 Nc6 5. Nf3 O-O 6. d3 d6 7. Nd5 Nxd5 8. cxd5
Nd4 9. Nxd4 Bxd4 10. Be2 f5 11. Bf3 f4 12. O-O Qg5 13. Kh2 Rf6 14. Bg4 Rg6 15.
a4 h5 16. Bf3 Bg4 17. Bd2 Bxh3 18. gxh3 Bxf2 19. Rg1 Bxg1+ 20. Qxg1 Qg3+ 21.
Qxg3 fxg3+ 22. Kg2 Rf8 23. h4 Rgf6 24. Rf1 c6 25. dxc6 bxc6 26. Bg5 R6f7 27. b4
g6 28. Kxg3 Rb8 29. Rc1 Rxb4 30. Rxc6 Rb6 31. Rxb6 axb6 32. Bd1 Rf1 33. Bc2 Rg1+
34. Kf2 Rxg5 35. hxg5 Kf7 36. Bb3+ Ke7 37. Kg3 Kf8 38. Kf3 Ke7 39. Bc4 Kf8 40.
d4 exd4 41. Kf4 Ke7 42. e5 dxe5+ 43. Kxe5 h4 44. Kf4 Kd6 45. Bd3 Kc5 46. Kg4 Kb4
47. Kxh4 Kxa4 48. Kg3 Kb4 49. Kf3 1/2-1/2

[Event "Second Round"]
[Site "http://www.queenalice.com/game.php?id=580733"]
[Date "2009.5.1"]
[Round "-"]
[White "victor_diniz"]
[Black "XtremeLM"]
[Result "1/2-1/2"]
[WhiteElo "1696"]
[BlackElo "1979"]

1. e4 c5 2. Nf3 Nc6 3. Bb5 e5 4. Bxc6 dxc6 5. Nxe5 Qd4 6. Nf3 Qxe4+ 7. Qe2 Qxe2+
8. Kxe2 Nf6 9. Re1 Be7 10. d3 Bg4 11. Bg5 O-O 12. Nd2 Rae8 13. Kf1 h6 14. Bh4
Be6 15. Ne5 g5 16. Bg3 Bd5 17. Ne4 Nxe4 18. dxe4 Be6 19. Rad1 Rd8 20. b3 Rxd1
21. Rxd1 Rd8 22. Rxd8+ Bxd8 23. c4 f6 24. Nd3 b6 25. f4 Bc7 26. h4 Kf7 27. hxg5
hxg5 28. Kf2 gxf4 29. Nxf4 Bxf4 30. Bxf4 b5 31. Bd6 1/2-1/2

[Event "Challenge"]
[Site "http://www.queenalice.com/game.php?id=619506"]
[Date "2009.7.15"]
[Round "-"]
[White "victor_diniz"]
[Black "tlalexandri"]
[Result "1-0"]
[WhiteElo "1716"]
[BlackElo "1705"]

1. Nf3 d6 2. d4 Nf6 3. c4 Nc6 4. d5 Ne5 5. Nxe5 dxe5 6. Nc3 e6 7. e4 exd5 8.
cxd5 Bb4 9. Qa4+ Bd7 10. Qxb4 a5 11. Qxb7 O-O 12. Bg5 Rb8 13. Qa7 Ra8 14. Bxf6
Qxf6 15. Qxc7 Bg4 16. Be2 Bxe2 17. Nxe2 Qa6 18. Rc1 Rac8 19. Qxe5 Rxc1+ 20. Nxc1
h6 21. d6 Qc4 22. Ne2 Qd3 23. O-O Qxe2 24. d7 Qd2 25. Qc7 Kh7 26. Qc8 Qd6 27.
Rc1 Qd2 28. g3 Rg8 29. Qxg8+ Kxg8 30. Rc8+ Kh7 31. d8=Q Qe1+ 32. Kg2 Qxe4+ 33.
Kh3 Qf5+ 34. Kg2 f6 35. Rc1 a4 36. Qc7 Qe4+ 37. Kg1 f5 38. Qf7 h5 39. Qxh5+ Kg8
40. Rc8+ 1-0

[Event "Challenge"]
[Site "http://www.queenalice.com/game.php?id=624377"]
[Date "2009.7.25"]
[Round "-"]
[White "tlalexandri"]
[Black "victor_diniz"]
[Result "0-1"]
[WhiteElo "1696"]
[BlackElo "1732"]

1. c4 e5 2. e4 Bc5 3. d3 Nc6 4. Nf3 Nf6 5. Bg5 h6 6. Bxf6 Qxf6 7. Be2 d6 8. a3
Bg4 9. O-O Nd4 10. Qa4+ b5 11. Qd1 Nxe2+ 12. Qxe2 bxc4 13. Nbd2 cxd3 14. Qxd3
Rb8 15. h3 Bxf3 16. Nxf3 Rxb2 17. Rab1 Rxb1 18. Qxb1 O-O 19. a4 Qf4 20. a5 f5
21. Qb3+ Kh7 22. exf5 e4 23. Qc4 Qxf5 24. Nd4 Bxd4 25. Qxd4 c5 26. Qxd6 e3 27.
f3 e2 28. Re1 Re8 29. Qc6 Re6 30. Qb5 Qc2 31. Kf2 a6 32. Rxe2 axb5 33. Rxc2 Ra6
34. Rxc5 Rxa5 35. g4 Ra2+ 36. Ke3 Ra3+ 37. Ke4 b4 38. h4 b3 39. Rb5 Kg8 40. f4
Kf7 41. Kd3 b2+ 42. Kc2 Ra4 43. Rf5+ Ke6 44. h5 Rb4 45. Kb1 Ke7 46. g5 Ke6 47.
Re5+ Kf7 48. gxh6 gxh6 49. f5 Rh4 50. Kxb2 Rxh5 51. Kc3 Kf6 52. Re6+ Kxf5 53.
Rxh6 Rxh6 54. Kd4 Re6 55. Kd5 Re5+ 56. Kd4 Ke6 57. Kd3 Kd5 58. Kc3 Re4 59. Kd3
Ke5 60. Kc3 Rd4 61. Kc2 Kd5 62. Kc3 Kc5 63. Kb3 Rc4 64. Ka3 Rb4 65. Ka2 Kc4 66.
Ka1 Kc3 67. Ka2 Kc2 68. Ka3 Rc4 0-1

[Event "XtremeLM vs. Mequinho"]
[Site "http://www.queenalice.com/game.php?id=639844"]
[Date "2009.8.21"]
[Round "-"]
[White "XtremeLM"]
[Black "victor_diniz"]
[Result "1-0"]
[WhiteElo "1963"]
[BlackElo "1747"]

1. d4 Nf6 2. c4 g6 3. Nc3 Bg7 4. e4 d6 5. Be3 Nc6 6. d5 Ne5 7. Nf3 Bg4 8. Be2
Bxf3 9. Bxf3 O-O 10. Be2 c5 11. dxc6 bxc6 12. O-O Rb8 13. b3 Qd7 14. f4 Nfg4 15.
Bd2 f5 16. fxe5 Bxe5 17. h3 Nh2 18. Rf2 fxe4 19. Nxe4 Bd4 20. Bc3 Bxf2+ 21. Nxf2
Qf5 22. Nd3 Rf7 23. Kxh2 Rbf8 24. Bg4 Qe4 25. Qd2 Rf1 26. Qh6 e5 27. Rxf1 Rxf1
28. Be6+ Kh8 29. Qg5 Qxd3 30. Qd8+ 1-0

[Event "Challenge"]
[Site "http://www.queenalice.com/game.php?id=642008"]
[Date "2009.8.25"]
[Round "-"]
[White "victor_diniz"]
[Black "tlalexandri"]
[Result "1-0"]
[WhiteElo "1740"]
[BlackElo "1685"]

1. e4 e5 2. Nf3 Nc6 3. Bc4 h6 4. d4 d6 5. d5 Na5 6. Bb5+ Bd7 7. Qd3 a6 8. Bxd7+
Qxd7 9. b4 Nc6 10. dxc6 Qxc6 11. Nc3 Nf6 12. Nd5 Be7 13. O-O b5 14. Nxe7 Kxe7
15. Re1 g5 16. Bb2 g4 17. Nh4 Ke6 18. Qb3+ Kd7 19. Qxf7+ Kc8 20. Qxf6 Kb7 21.
Rac1 Qb6 22. c4 bxc4 23. Rxc4 Rhf8 24. Rxc7+ Qxc7 25. Qxh6 Rf7 26. Rc1 Qb6 27.
Nf5 Rd8 28. Rd1 d5 29. Qxb6+ Kxb6 30. Bxe5 Rfd7 31. Bd6 dxe4 32. Bc5+ Kb5 33.
Nd6+ Kc6 34. Rd4 a5 35. a3 Ra8 36. g3 axb4 37. axb4 Ra1+ 38. Kg2 Re1 39. Rxe4
Rxe4 40. Nxe4 Rf7 41. h3 Kd5 42. Nd6 Rg7 43. hxg4 Rxg4 44. f4 Ke6 45. Kf3 Rg8
46. g4 Kd5 47. g5 Rh8 48. g6 Rh1 49. g7 Rg1 50. Bxg1 Kxd6 51. g8=Q Kc6 52. Qc4+
1-0

[Event "Challenge"]
[Site "http://www.queenalice.com/game.php?id=650809"]
[Date "2009.9.11"]
[Round "-"]
[White "tlalexandri"]
[Black "victor_diniz"]
[Result "1-0"]
[WhiteElo "1613"]
[BlackElo "1754"]

1. e4 e5 2. Nf3 Nf6 3. Bc4 Bb4 4. Nxe5 O-O 5. c3 Ba5 6. Qb3 Qe7 7. d4 d6 8. Nxf7
Rxf7 9. Bg5 Qxe4+ 10. Be3 d5 11. O-O dxc4 12. Qxc4 Be6 13. Qe2 Bd5 14. f3 Qe6
15. Nd2 Re7 16. Ne4 Nxe4 17. fxe4 Qxe4 18. Rae1 Nd7 19. b4 Rae8 20. Rf3 Qxf3 21.
gxf3 Rxe3 22. Qxe3 Rxe3 23. Rxe3 Bb6 24. a4 c6 25. a5 Bc7 26. Re7 Bxf3 27. Rxd7
Bf4 28. Rxb7 Bd2 29. Kf2 Bd5 30. Rxa7 Bxc3 31. Ke3 Bxb4 32. a6 c5 33. Rd7 Be6
34. a7 Bxd7 35. a8=Q+ Kf7 36. d5 h6 37. d6 g6 38. Qh8 Ba3 39. Qh7+ Ke6 40. Qxg6+
Ke5 41. Qd3 Bb2 42. Kd2 Bd4 43. Qg6 Be6 44. Qxh6 Kxd6 45. h4 Ke7 46. h5 Bg8 47.
Qg5+ Kf8 48. h6 Bh7 49. Ke2 Kf7 50. Kf3 Kf8 51. Kf4 Kf7 52. Qd8 Kg6 53. Qf8 Kh5
54. Qd6 Bg6 55. Qf8 Bh7 56. Kg3 Bg6 57. Qf4 Bh7 58. Qh4+ Kg6 59. Kg4 Kf7 60. Qg5
Kf8 61. Kh5 Kf7 62. Qd5+ Kf8 63. Qe6 Bd3 64. Kg5 Bc2 65. Qd6+ Kf7 66. Qf4+ Kg8
67. Qh2 Bd3 68. Qb8+ Kf7 69. Qb3+ c4 70. Qb7+ Ke8 71. h7 c3 72. Qb8+ Ke7 73.
h8=Q Bxh8 74. Qxh8 c2 75. Qc3 Ke6 76. Kf4 Kd5 77. Ke3 Bh7 78. Qd4+ Ke6 79. Kd2
Kf7 80. Qg4 Bg6 81. Qc4+ Kf6 82. Ke3 Kg7 83. Kf4 Kf6 84. Qc6+ Kf7 85. Kg5 Be4
86. Qc4+ Kg7 87. Qc7+ Kf8 88. Kf6 1-0

[Event "Challenge"]
[Site "http://www.queenalice.com/game.php?id=679035"]
[Date "2009.11.7"]
[Round "-"]
[White "tlalexandri"]
[Black "victor_diniz"]
[Result "0-1"]
[WhiteElo "1571"]
[BlackElo "1732"]

1. e4 e5 2. Nf3 Nc6 3. a3 Nf6 4. d3 Bc5 5. h3 d6 6. Bg5 O-O 7. b4 Bd4 8. c3 Bb6
9. a4 a5 10. b5 Na7 11. Be2 c6 12. Na3 cxb5 13. Nxb5 Nxb5 14. axb5 Bd7 15. c4
Bc5 16. O-O h6 17. Bh4 Kh7 18. g4 Qc8 19. Bxf6 Bxg4 20. hxg4 Qxg4+ 21. Kh1 Qh3+
22. Nh2 gxf6 23. Bg4 Qh4 24. Qf3 Rg8 25. Bf5+ Kh8 26. Bh3 Bd4 27. Rab1 a4 28.
Ng4 Rg6 29. Rg1 Rag8 30. Nxf6 Rxf6 31. Rxg8+ Kxg8 32. Rg1+ Kf8 33. Qg4 Qxg4 34.
Bxg4 Rxf2 35. b6 a3 36. Bc8 a2 37. Rd1 Rb2 38. Bxb7 Rb1 39. Rxb1 axb1=Q+ 40. Kg2
Qg1+ 41. Kh3 Bf2 0-1

[Event "Challenge"]
[Site "http://www.queenalice.com/game.php?id=680479"]
[Date "2009.11.9"]
[Round "-"]
[White "victor_diniz"]
[Black "tlalexandri"]
[Result "1-0"]
[WhiteElo "1742"]
[BlackElo "1611"]

1. d4 e6 2. e4 c5 3. Nf3 Nc6 4. Be3 Nxd4 5. Nxd4 cxd4 6. Qxd4 Nf6 7. Nc3 Qa5 8.
e5 Nd5 9. Bd2 Nb4 10. Qe4 Qb6 11. O-O-O Qxf2 12. Be3 Qf5 13. Bd3 Nxd3+ 14. Rxd3
Qxe4 15. Nxe4 Be7 16. Nd6+ Bxd6 17. exd6 O-O 18. h4 h5 19. Rg1 Kh7 20. g4 hxg4
21. Rxg4 b5 22. Bd4 g6 23. Rh3 f5 24. Rg1 f4 25. h5 g5 26. h6 Rg8 27. Bg7 a5 28.
Rxg5 Ra6 29. Rf3 Rxd6 30. Rxf4 e5 31. Rf7 Rg6 32. Rxe5 d6 33. Rxb5 Be6 34. Ra7
a4 35. Rbb7 Rxh6 36. Bxh6+ Kxh6 37. Rxa4 Kh5 38. b4 d5 39. b5 Rg1+ 40. Kb2 Bc8
41. Rc7 Bf5 42. b6 Rg8 43. b7 Rb8 44. Ra8 Rxb7+ 45. Rxb7 Be4 46. Rg7 Kh6 47. Rg1
Kh7 48. Ra3 Kh8 49. Rh3+ Bh7 50. Rxh7+ Kxh7 51. a4 d4 52. a5 1-0